The history of Lord Lytton's Indian administration, 1876 to 1880: (Record no. 18248)

MARC details
000 -LEADER
fixed length control field 01062cam a2200289u 4500
001 - CONTROL NUMBER
control field 6798688
003 - CONTROL NUMBER IDENTIFIER
control field BDDh-ASL
005 - DATE AND TIME OF LATEST TRANSACTION
control field 20231015025709.0
008 - FIXED-LENGTH DATA ELEMENTS--GENERAL INFORMATION
fixed length control field 820922s1899 enkbc a 000 0 eng
010 ## - LIBRARY OF CONGRESS CONTROL NUMBER
LC control number 05014304
035 ## - SYSTEM CONTROL NUMBER
System control number 6798688
040 ## - CATALOGING SOURCE
Original cataloging agency DLC
Transcribing agency CarP
Modifying agency BDDh-ASL
043 ## - GEOGRAPHIC AREA CODE
Geographic area code a-ii---
050 00 - LIBRARY OF CONGRESS CALL NUMBER
Classification number DS479.5
Item number .B18
050 00 - LIBRARY OF CONGRESS CALL NUMBER
Classification number Microfilm 46399 DS
082 ## - DEWEY DECIMAL CLASSIFICATION NUMBER
Classification number 952.23309254
Item number BAH
100 1# - MAIN ENTRY--PERSONAL NAME
Personal name Balfour, Betty,
Titles and words associated with a name Lady,
Dates associated with a name 1867-1942.
245 04 - TITLE STATEMENT
Title The history of Lord Lytton's Indian administration, 1876 to 1880:
Remainder of title compiled from letters and official papers/
Statement of responsibility, etc. Lady Betty Balfour.
260 ## - PUBLICATION, DISTRIBUTION, ETC.
Place of publication, distribution, etc. London:
-- New York [etc.]
Name of publisher, distributor, etc. Longmans, Green and co.,
Date of publication, distribution, etc. 1899.
300 ## - PHYSICAL DESCRIPTION
Extent viii, 551 p. :
Other physical details front. (port.) fold. map. ;
Dimensions 24 cm.
500 ## - GENERAL NOTE
General note Includes index.
600 10 - SUBJECT ADDED ENTRY--PERSONAL NAME
Personal name Lytton, Edward Robert Bulwer Lytton,
Titles and other words associated with a name Earl of,
Dates associated with a name 1831-1891.
651 #0 - SUBJECT ADDED ENTRY--GEOGRAPHIC NAME
Geographic name India
General subdivision History
Chronological subdivision British occupation, 1765-1947.
856 41 - ELECTRONIC LOCATION AND ACCESS
Path gdclccn
Electronic name 05014304
Uniform Resource Identifier <a href="http://hdl.loc.gov/loc.gdc/gdclccn.05014304">http://hdl.loc.gov/loc.gdc/gdclccn.05014304</a>
906 ## - LOCAL DATA ELEMENT F, LDF (RLIN)
a 0
b cbc
c premunv
d u
e ncip
f 19
g y-gencatlg
942 ## - ADDED ENTRY ELEMENTS (KOHA)
Source of classification or shelving scheme Dewey Decimal Classification
Koha item type Books
Holdings
Withdrawn status Lost status Source of classification or shelving scheme Damaged status Not for loan Collection code Home library Current library Shelving location Date acquired Source of acquisition Total Checkouts Full call number Barcode Date last seen Copy number Price effective from Koha item type
    Dewey Decimal Classification   Not For Loan Non-fiction Asiatic Society Library Asiatic Society Library Harrison Collection 09/26/2020 Donated by Prof. John B. Harrison   952.23309254 BAH 101423 09/26/2020 1 09/26/2020 Books

Powered by Koha